000
00330nam a22001337a 4500
999
_c
534065
_d
534065
020
_a
9659861117
040
_c
MSOHAIL
082
_a
891.4392
100
_a
Mustansar Hussain Tarar
_9
9703
245
_a
Putli Peking Ki / پتلی پیکنگ کی
260
_a
Lahore
_b
Sang-e-Meel
_c
c2009
300
_a
432;pxv
942
_2
ddc
_c
BK